000 00534 a2200217 4500
005 20260513101608.0
008 260513b |||||||| |||| 00| 0 eng d
020 _a9789392790768
_cRs. 495.00
040 _aMAIN
082 _a294.564
_bV837B
100 _aVivekananda, Swami
245 _aBhaktiyoga
260 _aNew Delhi
_bSports Education Technologies
_c2024
300 _a90
650 _aYoga
650 _aBhakti Yoga
650 _aDevotional Yoga
650 _aHinduism
650 _aSpiritual Life
942 _cBK
999 _c396171
_d396171